[Event "16th South Wales Int 2019"]
[Site "Bridgend"]
[Date "2019.07.11"]
[Round "8.29"]
[White "Chung, Joel"]
[Black "Blackmore, Simon"]
[Result "1/2-1/2"]
[WhiteElo "1475"]
[BlackElo "1682"]
[PlyCount "99"]
[EventDate "2019.07.07"]
[EventType "swiss"]
[EventRounds "9"]
[EventCountry "WLS"]

1. e4 e5 2. f4 d5 3. exd5 Nf6 4. Bb5+ Bd7 5. Bxd7+ Nbxd7 6. Nc3 exf4 7. d3 Bd6
8. Qe2+ Qe7 9. Qxe7+ Kxe7 10. Nge2 g5 11. Bd2 Nb6 12. O-O-O Nbxd5 13. Rde1 Kd7
14. Rhf1 Rhe8 15. Nxd5 Nxd5 16. Nc3 Rxe1+ 17. Rxe1 Nxc3 18. Bxc3 Re8 19. Rxe8
Kxe8 20. h3 Ke7 21. Kd2 Ke6 22. Ke2 Kf5 23. Kf3 h5 24. b3 Kg6 25. a4 f5 26. Kf2
h4 27. Kf3 Kh5 28. Bd4 Kg6 29. c4 c5 30. Bc3 Kf7 31. d4 cxd4 32. Bxd4 a6 33. c5
Bc7 34. b4 Ke6 35. Bc3 Kd5 36. Bf6 g4+ 37. hxg4 fxg4+ 38. Kxg4 Kc4 39. Bxh4
Kxb4 40. Bg5 Kxa4 41. Bxf4 Bd8 42. Kf3 Kb5 43. Be3 Bf6 44. Ke4 Kc4 45. g4 a5
46. g5 Bb2 47. g6 a4 48. Bc1 a3 49. g7 Bxg7 50. Bxa3 1/2-1/2

[Event "16th South Wales Int 2019"]
[Site "Bridgend"]
[Date "2019.07.11"]
[Round "8.30"]
[White "Emblem, Mark"]
[Black "Chung, Ethan Cheung Jing"]
[Result "0-1"]
[WhiteElo "1513"]
[BlackElo "1572"]
[PlyCount "112"]
[EventDate "2019.07.07"]
[EventType "swiss"]
[EventRounds "9"]
[EventCountry "WLS"]

1. d4 d5 2. Bf4 Nf6 3. e3 Bf5 4. Bd3 Bxd3 5. cxd3 e6 6. Nc3 a6 7. Nf3 Nc6 8. a4
h6 9. h3 Bd6 10. Bh2 Bxh2 11. Nxh2 Qe7 12. Qb3 Qb4 13. Qxb4 Nxb4 14. Kd2 O-O
15. Rhc1 Rac8 16. Nf3 Nd7 17. Na2 Nxa2 18. Rxa2 c5 19. Ne5 Nxe5 20. dxe5 c4 21.
dxc4 dxc4 22. Ra3 Rfd8+ 23. Ke2 Rd5 24. b3 c3 25. Ra2 Rxe5 26. Rac2 Rec5 27.
Kd3 Rd8+ 28. Ke2 Rdc8 29. Kd3 Rd5+ 30. Ke2 Rcd8 31. Rxc3 Rd2+ 32. Ke1 Kf8 33.
Rc7 R8d7 34. Rxd7 Rxd7 35. Ke2 Ke7 36. Rc3 e5 37. e4 Ke6 38. Ke3 g6 39. g3 f5
40. f3 Rd4 41. Rc7 Rb4 42. Rc3 h5 43. h4 Rd4 44. Rd3 Rd6 45. Rxd6+ Kxd6 46. Kd3
Kc5 47. Kc3 a5 48. Kc2 Kd4 49. Kd2 fxe4 50. fxe4 Kxe4 51. Ke2 Kd4 52. Kd2 e4
53. Ke2 e3 54. Ke1 Kd3 55. Kd1 e2+ 56. Ke1 Ke3 0-1

[Event "16th South Wales Int 2019"]
[Site "Bridgend"]
[Date "2019.07.12"]
[Round "9.1"]
[White "Camacho Collados, Jose"]
[Black "Chatalbashev, Boris"]
[Result "1/2-1/2"]
[WhiteElo "2408"]
[BlackElo "2518"]
[PlyCount "27"]
[EventDate "2019.07.07"]
[EventType "swiss"]
[EventRounds "9"]
[EventCountry "WLS"]

1. e4 g6 2. d4 Bg7 3. Nf3 d6 4. Nc3 Nf6 5. h3 O-O 6. Be3 a6 7. a4 b6 8. Bd3 Bb7
9. O-O Nbd7 10. Qd2 e5 11. dxe5 dxe5 12. Rfe1 Qe7 13. Bg5 Nc5 14. Bc4 1/2-1/2

[Event "16th South Wales Int 2019"]
[Site "Bridgend"]
[Date "2019.07.12"]
[Round "9.2"]
[White "Davies, Nigel R"]
[Black "Nasuta, Grzegorz"]
[Result "1/2-1/2"]
[WhiteElo "2484"]
[BlackElo "2529"]
[PlyCount "37"]
[EventDate "2019.07.07"]
[EventType "swiss"]
[EventRounds "9"]
[EventCountry "WLS"]

1. d4 Nf6 2. Nf3 g6 3. Nbd2 d5 4. e3 Bg7 5. b4 a5 6. b5 a4 7. Ba3 O-O 8. Be2 c6
9. bxc6 bxc6 10. O-O Re8 11. Rb1 Nbd7 12. c4 e6 13. Qc2 Ba6 14. Rfc1 Bf8 15.
Bxf8 Rxf8 16. Bf1 Qa5 17. Qc3 Qxc3 18. Rxc3 c5 19. Rcc1 1/2-1/2

[Event "16th South Wales Int 2019"]
[Site "Bridgend"]
[Date "2019.07.12"]
[Round "9.3"]
[White "Arkell, Keith C"]
[Black "Korneev, Oleg"]
[Result "0-1"]
[WhiteElo "2461"]
[BlackElo "2523"]
[PlyCount "108"]
[EventDate "2019.07.07"]
[EventType "swiss"]
[EventRounds "9"]
[EventCountry "WLS"]

1. d4 d5 2. Nf3 Nf6 3. c4 e6 4. cxd5 exd5 5. Nc3 c6 6. Bg5 h6 7. Bh4 Bf5 8. e3
Nbd7 9. Bd3 Bxd3 10. Qxd3 Bd6 11. O-O O-O 12. Rab1 a5 13. Qc2 Qe7 14. a3 Qe6
15. b4 axb4 16. axb4 b5 17. Bxf6 Nxf6 18. Ne2 Rfc8 19. Nc1 Nd7 20. Nd3 Nb6 21.
Ra1 Nc4 22. Ra2 Qe7 23. Nc5 Ra7 24. Rfa1 Rca8 25. g3 g6 26. Rxa7 Rxa7 27. Ra2
Kg7 28. Qb1 Rxa2 29. Qxa2 Qf6 30. Kg2 Bxc5 31. bxc5 Qf5 32. Ne1 Qe4+ 33. Kg1
Qg4 34. Qc2 b4 35. Nd3 b3 36. Qxb3 Nd2 37. Ne5 Qe2 38. Qd3 Nf3+ 39. Kh1 Qxf2
40. Nxf3 Qxf3+ 41. Kg1 Kf6 42. Qb3 Kg5 43. Qb7 Qxe3+ 44. Kg2 Qe4+ 45. Kh3 Qf3
46. Qe7+ f6 47. Qe1 Kh5 48. Qc1 Qg4+ 49. Kg2 Qe4+ 50. Kf2 Qxd4+ 51. Kg2 Qe4+
52. Kf2 d4 53. Qc4 Kg4 54. Kg1 Qe3+ 0-1

[Event "16th South Wales Int 2019"]
[Site "Bridgend"]
[Date "2019.07.12"]
[Round "9.5"]
[White "Blackburn, Jonathan L B"]
[Black "Toczek, Grzegorz"]
[Result "1/2-1/2"]
[WhiteElo "2217"]
[BlackElo "2249"]
[PlyCount "69"]
[EventDate "2019.07.07"]
[EventType "swiss"]
[EventRounds "9"]
[EventCountry "WLS"]

1. d4 f5 2. g3 Nf6 3. Bg2 g6 4. Nc3 d5 5. Bg5 c6 6. Qd2 h6 7. Be3 Be6 8. Nf3
Nbd7 9. Ne5 Nxe5 10. dxe5 Nd7 11. f4 Qa5 12. a3 Bf7 13. b4 Qc7 14. Na4 e6 15.
O-O Be7 16. Rfc1 b5 17. Nb2 a5 18. c4 bxc4 19. Nxc4 axb4 20. Nd6+ Bxd6 21. exd6
Qxd6 22. axb4 O-O 23. Bd4 Kh7 24. Bb2 Rxa1 25. Bxa1 Rb8 26. Qd4 e5 27. fxe5
Qxb4 28. e6 Qxd4+ 29. Bxd4 Bxe6 30. Rxc6 Re8 31. Kf2 Kg8 32. Rd6 Re7 33. Bxd5
Bxd5 34. Rxd5 Kf7 35. Rd6 1/2-1/2

[Event "16th South Wales Int 2019"]
[Site "Bridgend"]
[Date "2019.07.12"]
[Round "9.6"]
[White "Murphy, Conor E"]
[Black "Roberson, Peter T"]
[Result "0-1"]
[WhiteElo "2362"]
[BlackElo "2429"]
[PlyCount "44"]
[EventDate "2019.07.07"]
[EventType "swiss"]
[EventRounds "9"]
[EventCountry "WLS"]

1. e4 e6 2. d4 d5 3. Nd2 c5 4. exd5 Qxd5 5. Ngf3 cxd4 6. Bc4 Qd7 7. O-O Nc6 8.
Nb3 a6 9. a4 Qc7 10. Qe2 Be7 11. Rd1 e5 12. Bd5 Bg4 13. Qc4 O-O-O 14. Re1 Nb4
15. Nxe5 Rxd5 16. Qxc7+ Kxc7 17. Nxf7 Nxc2 18. Bf4+ Kd7 19. Re5 Nxa1 20. Rxd5+
Ke6 21. Nxh8 Kxd5 22. Nxa1 Be6 0-1

[Event "16th South Wales Int 2019"]
[Site "Bridgend"]
[Date "2019.07.12"]
[Round "9.7"]
[White "Rudd, Jack"]
[Black "Jones, Derek"]
[Result "1-0"]
[WhiteElo "2275"]
[BlackElo "1937"]
[PlyCount "57"]
[EventDate "2019.07.07"]
[EventType "swiss"]
[EventRounds "9"]
[EventCountry "WLS"]

1. d4 Nf6 2. c4 g6 3. Nc3 d5 4. f3 Bg7 5. e4 dxe4 6. fxe4 e5 7. d5 c6 8. Nf3
O-O 9. Be2 cxd5 10. cxd5 a6 11. O-O b5 12. a3 Ne8 13. Be3 Nd7 14. b4 Nd6 15.
Nd2 f5 16. a4 bxa4 17. Qxa4 Bb7 18. Bc5 Nxc5 19. bxc5 Nxe4 20. Ndxe4 fxe4 21.
Rab1 Qc7 22. c6 Rxf1+ 23. Rxf1 Bc8 24. Nxe4 Qb6+ 25. Kh1 Bf5 26. d6 Bf8 27. Ng5
Bxd6 28. Qa2+ Kg7 29. Rxf5 1-0

[Event "16th South Wales Int 2019"]
[Site "Bridgend"]
[Date "2019.07.12"]
[Round "9.8"]
[White "Petrov, Marian"]
[Black "Ratnesan, Ranesh"]
[Result "1-0"]
[WhiteElo "2463"]
[BlackElo "2080"]
[PlyCount "45"]
[EventDate "2019.07.07"]
[EventType "swiss"]
[EventRounds "9"]
[EventCountry "WLS"]

1. e4 c5 2. Nf3 d6 3. c3 Nf6 4. g3 Nc6 5. d3 d5 6. e5 Nd7 7. Qe2 e6 8. h4 b5 9.
Bf4 c4 10. d4 Rb8 11. a3 a5 12. Bh3 h6 13. h5 Be7 14. Nbd2 Nf8 15. O-O Nh7 16.
Nh2 a4 17. Be3 Kd7 18. f4 Qe8 19. Ndf3 f5 20. exf6 Nxf6 21. Ne5+ Nxe5 22. fxe5
Nxh5 23. Bxe6+ 1-0

[Event "16th South Wales Int 2019"]
[Site "Bridgend"]
[Date "2019.07.12"]
[Round "9.9"]
[White "Brown, Thomas"]
[Black "Garcia, Jason"]
[Result "1-0"]
[WhiteElo "2092"]
[BlackElo "2053"]
[PlyCount "103"]
[EventDate "2019.07.07"]
[EventType "swiss"]
[EventRounds "9"]
[EventCountry "WLS"]

1. d4 d5 2. c4 e6 3. Nc3 Bb4 4. a3 Bxc3+ 5. bxc3 Nf6 6. e3 O-O 7. Bd3 dxc4 8.
Bxc4 b6 9. Ne2 Ba6 10. Bxa6 Nxa6 11. Qd3 Qc8 12. e4 c5 13. Bg5 c4 14. Qe3 Nd7
15. O-O Nc7 16. Qg3 Kh8 17. Be7 Re8 18. Bd6 Nb5 19. Bf4 a6 20. a4 Na7 21. Qf3
Qb7 22. Ng3 Nc6 23. e5 Reb8 24. Bg5 Rf8 25. Ne4 Na5 26. Be7 f5 27. exf6 Nxf6
28. Bxf8 Rxf8 29. Nxf6 Qxf3 30. gxf3 Rxf6 31. Rfe1 Kg8 32. Rad1 Kf7 33. Re3 Nb3
34. d5 Nc5 35. a5 b5 36. dxe6+ Rxe6 37. Rd5 Na4 38. Rd7+ Kf6 39. Rxe6+ Kxe6 40.
Ra7 Nxc3 41. Rxa6+ Kd5 42. Rb6 Kc5 43. Rb8 b4 44. a6 Nb5 45. Rxb5+ Kxb5 46. a7
c3 47. a8=Q Kc4 48. Qa2+ Kd3 49. Qb3 Ke2 50. Qxb4 c2 51. Qc3 Kd1 52. Qd3+ 1-0

[Event "16th South Wales Int 2019"]
[Site "Bridgend"]
[Date "2019.07.12"]
[Round "9.10"]
[White "Wilson, Matthew R"]
[Black "Richardson, John R"]
[Result "0-1"]
[WhiteElo "1817"]
[BlackElo "2239"]
[PlyCount "52"]
[EventDate "2019.07.07"]
[EventType "swiss"]
[EventRounds "9"]
[EventCountry "WLS"]

1. e4 c6 2. d4 d5 3. exd5 cxd5 4. Bd3 Nc6 5. c3 Qc7 6. Ne2 Bg4 7. f3 Bd7 8. Bf4
e5 9. dxe5 Nxe5 10. Bc2 Nf6 11. O-O Bd6 12. Bxe5 Bxe5 13. f4 Bd6 14. Nd2 O-O
15. h3 Bb5 16. Nb3 Bxe2 17. Qxe2 Bxf4 18. Nd4 Rae8 19. Qd3 Ne4 20. Ne2 Qc5+ 21.
Kh1 Bb8 22. Qf3 Qd6 23. Qf4 Qxf4 24. Rxf4 Ng3+ 25. Nxg3 Bxf4 26. Nh5 Bc7 0-1

[Event "16th South Wales Int 2019"]
[Site "Bridgend"]
[Date "2019.07.12"]
[Round "9.11"]
[White "Harris, Calum"]
[Black "Marusenko, Petr"]
[Result "1/2-1/2"]
[WhiteElo "1764"]
[BlackElo "2154"]
[PlyCount "33"]
[EventDate "2019.07.07"]
[EventType "swiss"]
[EventRounds "9"]
[EventCountry "WLS"]

1. e4 c6 2. d4 d5 3. Nc3 dxe4 4. Nxe4 Nd7 5. Bc4 Ngf6 6. Ng5 e6 7. Ne2 Nb6 8.
Bb3 c5 9. c3 c4 10. Bc2 Bd6 11. Nf3 Qc7 12. Ng3 Bd7 13. Ne4 Nxe4 14. Bxe4 Bc6
15. Qe2 Bxe4 16. Qxe4 Rc8 17. O-O 1/2-1/2

[Event "16th South Wales Int 2019"]
[Site "Bridgend"]
[Date "2019.07.12"]
[Round "9.12"]
[White "Wilks, Simon"]
[Black "Phillips, William"]
[Result "1/2-1/2"]
[WhiteElo "2065"]
[BlackElo "1847"]
[PlyCount "27"]
[EventDate "2019.07.07"]
[EventType "swiss"]
[EventRounds "9"]
[EventCountry "WLS"]

1. e4 e5 2. Nf3 Nc6 3. Bb5 a6 4. Ba4 Nf6 5. Qe2 b5 6. Bb3 Be7 7. O-O O-O 8. c3
d6 9. Rd1 Na5 10. Bc2 c5 11. d4 Qc7 12. d5 Nb7 13. Nbd2 Nh5 14. Nf1 1/2-1/2

[Event "16th South Wales Int 2019"]
[Site "Bridgend"]
[Date "2019.07.12"]
[Round "9.13"]
[White "Pleasants, Allan J"]
[Black "Spanton, Tim R"]
[Result "1-0"]
[WhiteElo "2049"]
[BlackElo "1900"]
[PlyCount "53"]
[EventDate "2019.07.07"]
[EventType "swiss"]
[EventRounds "9"]
[EventCountry "WLS"]

1. c4 e5 2. Nc3 Nc6 3. g3 g6 4. Bg2 Bg7 5. d3 d6 6. Rb1 Nge7 7. e3 O-O 8. Nge2
Be6 9. Nd5 Qd7 10. O-O Nd8 11. b3 c6 12. Nxe7+ Qxe7 13. d4 exd4 14. Nxd4 Qd7
15. Ba3 Re8 16. Nxe6 Rxe6 17. e4 Qc7 18. Qd3 c5 19. f4 Bd4+ 20. Kh1 Nc6 21. b4
cxb4 22. Bxb4 Nxb4 23. Rxb4 Bc5 24. Rbb1 Rc8 25. Bh3 f5 26. Qd5 Qf7 27. Rxb7
1-0

[Event "16th South Wales Int 2019"]
[Site "Bridgend"]
[Date "2019.07.12"]
[Round "9.14"]
[White "Cannon, Richard J"]
[Black "Whitehead, Mark A"]
[Result "1-0"]
[WhiteElo "2013"]
[BlackElo "1887"]
[PlyCount "95"]
[EventDate "2019.07.07"]
[EventType "swiss"]
[EventRounds "9"]
[EventCountry "WLS"]

1. e4 c5 2. Nc3 e6 3. g3 Nc6 4. Nge2 g6 5. d4 cxd4 6. Nxd4 a6 7. Bg2 Bg7 8. Be3
Nge7 9. O-O O-O 10. Nxc6 Nxc6 11. Bc5 Re8 12. f4 Qa5 13. Bf2 Qb4 14. e5 f5 15.
a3 Qa5 16. b4 Qc7 17. b5 Na5 18. Qe1 Nc4 19. bxa6 Rxa6 20. Nb5 Qb8 21. Qb4 d5
22. exd6 Nxd6 23. Nd4 Bd7 24. a4 Bf8 25. Qb3 Qc8 26. Rfe1 Bg7 27. Qb4 Bf8 28.
Qb3 Bg7 29. c4 Qxc4 30. Qxc4 Nxc4 31. Bxb7 Rxa4 32. Rxa4 Bxa4 33. Nxe6 Nd6 34.
Bd5 Kh8 35. Rb1 Bf6 36. Nc5 Bc2 37. Rb6 Rd8 38. Ne6 Nc4 39. Nxd8 Nxb6 40. Bxb6
h6 41. Ne6 g5 42. Bd4 Bxd4+ 43. Nxd4 Bd3 44. Be6 gxf4 45. gxf4 Kg7 46. Bxf5 Ba6
47. Be4 Kf6 48. Kf2 1-0

[Event "16th South Wales Int 2019"]
[Site "Bridgend"]
[Date "2019.07.12"]
[Round "9.15"]
[White "Davies, Sam"]
[Black "Hewitt, William"]
[Result "0-1"]
[WhiteElo "1705"]
[BlackElo "2005"]
[PlyCount "74"]
[EventDate "2019.07.07"]
[EventType "swiss"]
[EventRounds "9"]
[EventCountry "WLS"]

1. e4 c6 2. f4 d5 3. e5 Bf5 4. Nf3 e6 5. c3 Nd7 6. Na3 c5 7. Nc2 Bxc2 8. Qxc2
Ne7 9. a3 Nc6 10. Bb5 Rc8 11. O-O g6 12. c4 Nb6 13. cxd5 Qxd5 14. Qd3 a6 15.
Qxd5 Nxd5 16. Bxc6+ Rxc6 17. Ne1 Be7 18. Nc2 O-O 19. g3 Rd8 20. Kf2 c4 21. Ke2
b5 22. Rf3 Nb6 23. g4 Rc7 24. g5 Na4 25. Ne1 Nc5 26. Rf2 Rcd7 27. Nf3 Nd3 28.
Rf1 Nxf4+ 29. Ke3 Nh3 30. a4 Nxg5 31. axb5 Nxf3 32. Kxf3 axb5 33. Ra5 Rd5 34.
Ra7 R8d7 35. Ra8+ Kg7 36. Ke4 Rd3 37. Kf4 R7d4# 0-1

[Event "16th South Wales Int 2019"]
[Site "Bridgend"]
[Date "2019.07.12"]
[Round "9.16"]
[White "Davis, Lee"]
[Black "Robinson, David"]
[Result "1/2-1/2"]
[WhiteElo "1937"]
[BlackElo "1840"]
[PlyCount "62"]
[EventDate "2019.07.07"]
[EventType "swiss"]
[EventRounds "9"]
[EventCountry "WLS"]

1. d4 Nf6 2. Nf3 d5 3. g3 c6 4. Bg2 Bf5 5. O-O e6 6. c4 Nbd7 7. Nc3 Be7 8. Qb3
Qc8 9. Nd2 O-O 10. e4 dxe4 11. Ndxe4 Nxe4 12. Nxe4 Nf6 13. Nc3 Rd8 14. d5 cxd5
15. cxd5 Rb8 16. Bf4 Bd6 17. Bg5 Be7 18. Rac1 Qd7 19. Rfd1 Qe8 20. Bxf6 Bxf6
21. Ne4 Bxe4 22. Bxe4 exd5 23. Bxd5 Rd7 24. Re1 Qd8 25. Rcd1 Qc7 26. Qe3 Rf8
27. Qxa7 Bxb2 28. Rb1 Rxd5 29. Rxb2 Ra5 30. Qxb7 Qxb7 31. Rxb7 Rxa2 1/2-1/2

[Event "16th South Wales Int 2019"]
[Site "Bridgend"]
[Date "2019.07.12"]
[Round "9.17"]
[White "May, Adam J"]
[Black "Ong, Weng Yan"]
[Result "1-0"]
[WhiteElo "1917"]
[BlackElo "1624"]
[PlyCount "111"]
[EventDate "2019.07.07"]
[EventType "swiss"]
[EventRounds "9"]
[EventCountry "WLS"]

1. c4 e5 2. g3 Nf6 3. Bg2 d5 4. cxd5 Nxd5 5. Nc3 Nb6 6. Nf3 Nc6 7. O-O Be7 8.
a3 O-O 9. b4 Be6 10. d3 Nd4 11. Bb2 f6 12. Nxd4 exd4 13. Nb5 c5 14. bxc5 Bxc5
15. Rc1 Qe7 16. Nxd4 Bxd4 17. Bxd4 Qd7 18. Ba1 Rac8 19. Rxc8 Rxc8 20. e3 Nd5
21. e4 Nc3 22. Qd2 Nb5 23. d4 Nxa3 24. d5 Bf7 25. Rc1 Nc4 26. Qd4 Nd6 27. Rxc8+
Nxc8 28. e5 fxe5 29. Qxe5 Qg4 30. Bf3 Qg6 31. Be4 Qf6 32. Qc7 Qxa1+ 33. Kg2 Qa4
34. Qxc8+ Qe8 35. Qc2 g6 36. d6 Qe6 37. Qd3 Qd7 38. Bf3 Be6 39. h4 b5 40. Qd4
a5 41. Qc5 Bh3+ 42. Kh2 Bf1 43. Bc6 Qd8 44. Qd5+ Kf8 45. d7 Bc4 46. Qd6+ Kf7
47. Qf4+ Ke6 48. h5 a4 49. Qe4+ Kd6 50. hxg6 hxg6 51. Qxg6+ Kc5 52. Qe8 Qf6 53.
d8=Q Qxf2+ 54. Bg2 Bf1 55. Qf8+ Qxf8 56. Qxf8+ 1-0

[Event "16th South Wales Int 2019"]
[Site "Bridgend"]
[Date "2019.07.12"]
[Round "9.18"]
[White "Parry, Matthew"]
[Black "Nechio, Douglas Egidio Gome"]
[Result "1-0"]
[WhiteElo "1909"]
[BlackElo "1819"]
[PlyCount "47"]
[EventDate "2019.07.07"]
[EventType "swiss"]
[EventRounds "9"]
[EventCountry "WLS"]

1. d4 Nf6 2. c4 g6 3. Nc3 d5 4. cxd5 Nxd5 5. e4 Nxc3 6. bxc3 Bg7 7. Bc4 c5 8.
Ne2 Nc6 9. Be3 O-O 10. O-O Qc7 11. Rc1 Rd8 12. a3 Na5 13. Ba2 c4 14. Qc2 e5 15.
f4 exd4 16. cxd4 Bg4 17. e5 Bxe2 18. Qxe2 b5 19. f5 Nc6 20. Rf4 Rd5 21. Bxc4
Nxd4 22. Rxd4 Rc5 23. Bxf7+ Kxf7 24. Rxc5 1-0

[Event "16th South Wales Int 2019"]
[Site "Bridgend"]
[Date "2019.07.12"]
[Round "9.19"]
[White "Camp, Imogen A L"]
[Black "Chung, Daniel"]
[Result "1/2-1/2"]
[WhiteElo "1850"]
[BlackElo "1434"]
[PlyCount "71"]
[EventDate "2019.07.07"]
[EventType "swiss"]
[EventRounds "9"]
[EventCountry "WLS"]

1. d4 Nf6 2. c4 g6 3. Nc3 Bg7 4. e4 d6 5. Nf3 O-O 6. Be2 c5 7. d5 e6 8. O-O Re8
9. Qc2 Na6 10. a3 e5 11. Ne1 Rf8 12. Nd3 Nd7 13. Be3 Nb6 14. Na2 f5 15. f3 f4
16. Bf2 Nd7 17. b4 b6 18. bxc5 Naxc5 19. Nab4 Bb7 20. a4 Rc8 21. Nxc5 bxc5 22.
Na2 a6 23. Rfb1 Rb8 24. Nc3 Qc7 25. Rb3 Ba8 26. Rab1 Rxb3 27. Rxb3 Rb8 28. Qb2
Bf6 29. Be1 Bd8 30. Na2 Rxb3 31. Qxb3 Qb6 32. Qxb6 Bxb6 33. g3 g5 34. Bf1 Bb7
35. Bh3 Nf6 36. gxf4 1/2-1/2

[Event "16th South Wales Int 2019"]
[Site "Bridgend"]
[Date "2019.07.12"]
[Round "9.20"]
[White "Jukes, Sam"]
[Black "Borkowski, J Andrew"]
[Result "1/2-1/2"]
[WhiteElo "1895"]
[BlackElo "1769"]
[PlyCount "140"]
[EventDate "2019.07.07"]
[EventType "swiss"]
[EventRounds "9"]
[EventCountry "WLS"]

1. e4 d6 2. d4 e5 3. dxe5 dxe5 4. Qxd8+ Kxd8 5. Bc4 f6 6. Ne2 Bc5 7. O-O Nd7 8.
Rd1 c6 9. Nd2 Kc7 10. a3 a5 11. Nb3 Bb6 12. a4 Ne7 13. Rd3 Nc5 14. Nxc5 Bxc5
15. Be3 Bxe3 16. Rxe3 Rd8 17. Rd3 Rxd3 18. cxd3 b6 19. d4 Ba6 20. Bxa6 Rxa6 21.
dxe5 fxe5 22. f3 b5 23. axb5 cxb5 24. Kf2 a4 25. Ke3 b4 26. g3 Nc6 27. Kd3 g5
28. Kc4 Ra5 29. f4 gxf4 30. gxf4 exf4 31. Nxf4 Kb6 32. Nd5+ Kb7 33. Nxb4 Ne5+
34. Kd4 Nf3+ 35. Ke3 Ne5 36. Nd3 Ng4+ 37. Kf3 h5 38. Rxa4 Nxh2+ 39. Kg2 Rxa4
40. Nc5+ Kc6 41. Nxa4 Ng4 42. Kf3 Kd6 43. Kf4 Ke6 44. Nc5+ Kd6 45. Nd3 Ke6 46.
Nc1 Nf6 47. Ne2 h4 48. Nd4+ Kd7 49. Nf3 h3 50. e5 Nd5+ 51. Kg3 Ke6 52. Kxh3
Nf4+ 53. Kg3 Nd3 54. b3 Nxe5 55. Kf2 Nxf3 56. Kxf3 Kd5 57. Ke3 Kc5 58. Kd2 Kb4
59. Kc2 Kb5 60. Kc3 Kc5 61. b4+ Kb5 62. Kb3 Kb6 63. Ka4 Ka6 64. b5+ Kb6 65. Kb4
Kb7 66. Kc5 Kc7 67. b6+ Kb7 68. Kb5 Kb8 69. Kc6 Kc8 70. b7+ Kb8 1/2-1/2

[Event "16th South Wales Int 2019"]
[Site "Bridgend"]
[Date "2019.07.12"]
[Round "9.21"]
[White "Chung, Ethan Cheung Jing"]
[Black "Waddington, Mike P"]
[Result "0-1"]
[WhiteElo "1572"]
[BlackElo "2014"]
[PlyCount "96"]
[EventDate "2019.07.07"]
[EventType "swiss"]
[EventRounds "9"]
[EventCountry "WLS"]

1. Nf3 f5 2. c4 Nf6 3. Nc3 g6 4. g3 Bg7 5. d4 O-O 6. Bg2 d6 7. Bg5 h6 8. Be3 c6
9. Qd2 Ng4 10. h3 Nxe3 11. Qxe3 Qb6 12. O-O-O e5 13. Qd2 Nd7 14. e3 a5 15. d5
c5 16. g4 e4 17. Nh4 Ne5 18. Qe2 Qd8 19. f4 Qxh4 20. fxe5 Bxe5 21. Nb5 Rf7 22.
Rdg1 Kh7 23. Bf1 b6 24. Qg2 Qe1+ 25. Kc2 Qxe3 26. Qe2 Qxe2+ 27. Bxe2 f4 28. Nc3
f3 29. Rf1 Kg7 30. Bd1 Rf4 31. b3 Bd7 32. Kd2 Raf8 33. Bc2 e3+ 34. Kd3 e2 35.
Nxe2 fxe2 36. Rxf4 Rxf4 37. Kxe2 Bd4 38. Rh2 g5 39. Rg2 Be8 40. Bf5 Bg6 41.
Bxg6 Kxg6 42. Ke1 Re4+ 43. Kd2 Kf6 44. Rg3 Be5 45. Rg1 Bf4+ 46. Kd1 Re3 47. Rh1
Ke5 48. Kc2 Ke4 0-1

[Event "16th South Wales Int 2019"]
[Site "Bridgend"]
[Date "2019.07.12"]
[Round "9.22"]
[White "Hughes, Anthony"]
[Black "Orton, Paul"]
[Result "1-0"]
[WhiteElo "1900"]
[BlackElo "1584"]
[PlyCount "67"]
[EventDate "2019.07.07"]
[EventType "swiss"]
[EventRounds "9"]
[EventCountry "WLS"]

1. e4 c5 2. Nf3 g6 3. c3 Bg7 4. d4 cxd4 5. cxd4 Nf6 6. e5 Nd5 7. Bc4 Nb6 8. Bb3
O-O 9. O-O d5 10. h3 h6 11. Nc3 Be6 12. Be3 Nc6 13. Qd2 Kh7 14. Rac1 Na5 15.
Bd1 Nbc4 16. Qe2 Nxe3 17. Qxe3 Nc4 18. Qe2 a6 19. b3 Nb6 20. Bc2 Qd7 21. Nh4
Bh8 22. f4 Bxh3 23. gxh3 Qxh3 24. Qh2 Qg4+ 25. Kh1 Rg8 26. Rg1 Qd7 27. f5 Qc6
28. fxg6+ Kg7 29. Nf5+ Kf8 30. Qxh6+ Bg7 31. Nxg7 Rxg7 32. Qh8+ Rg8 33. g7+ Ke8
34. Qxg8+ 1-0

[Event "16th South Wales Int 2019"]
[Site "Bridgend"]
[Date "2019.07.12"]
[Round "9.23"]
[White "Miga, Tomasz"]
[Black "Hurn, Robert Aj"]
[Result "1/2-1/2"]
[WhiteElo "1593"]
[BlackElo "1615"]
[PlyCount "56"]
[EventDate "2019.07.07"]
[EventType "swiss"]
[EventRounds "9"]
[EventCountry "WLS"]

1. d4 Nf6 2. Nf3 d5 3. c4 dxc4 4. Nc3 Nc6 5. e3 Na5 6. Ne5 Be6 7. Qa4+ c6 8.
Qb4 Qc7 9. Nxc4 Nxc4 10. Bxc4 Bxc4 11. Qxc4 e6 12. h3 Be7 13. a4 O-O 14. a5
Rfd8 15. O-O Nd5 16. Nxd5 exd5 17. Qc2 Re8 18. Bd2 Qd6 19. Rfc1 Bd8 20. a6 Re6
21. axb7 Rb8 22. Rxa7 Bc7 23. g3 Rg6 24. Ra8 Rxg3+ 25. fxg3 Qxg3+ 26. Kf1 Qf3+
27. Kg1 Qg3+ 28. Kf1 Qf3+ 1/2-1/2

[Event "16th South Wales Int 2019"]
[Site "Bridgend"]
[Date "2019.07.12"]
[Round "9.24"]
[White "Robertson, Jim"]
[Black "Thomas, Roy"]
[Result "0-1"]
[WhiteElo "1580"]
[BlackElo "1708"]
[PlyCount "82"]
[EventDate "2019.07.07"]
[EventType "swiss"]
[EventRounds "9"]
[EventCountry "WLS"]

1. d4 f5 2. f4 e6 3. e3 Nf6 4. Nf3 Be7 5. Bd3 b6 6. Qe2 Bb7 7. O-O O-O 8. Bd2
Ne4 9. Be1 c5 10. c4 cxd4 11. Nxd4 Nc6 12. Nf3 Nb4 13. Bxb4 Bxb4 14. a3 Be7 15.
Nbd2 Bf6 16. Nd4 Nxd2 17. Qxd2 Qc7 18. Rac1 a6 19. Be2 Be4 20. Bf3 Qb7 21. Bxe4
Qxe4 22. b4 Rac8 23. Rfd1 Rc7 24. Nb3 Rxc4 25. Rxc4 Qxc4 26. Qd3 d5 27. Qb1 Qe4
28. Qc1 Rd8 29. Nd4 Kf7 30. Nc6 Rc8 31. Ne5+ Bxe5 32. Qxc8 Qxe3+ 33. Kh1 Qxf4
34. Qd7+ Kf6 35. Qd8+ Kg6 36. Qe8+ Kg5 37. Qe7+ Kh6 38. Kg1 Qxh2+ 39. Kf1 Qf4+
40. Kg1 Qe3+ 41. Kf1 Bg3 0-1

[Event "16th South Wales Int 2019"]
[Site "Bridgend"]
[Date "2019.07.12"]
[Round "9.25"]
[White "Blackmore, Simon"]
[Black "Hirst, Joe"]
[Result "0-1"]
[WhiteElo "1682"]
[BlackElo "1632"]
[PlyCount "56"]
[EventDate "2019.07.07"]
[EventType "swiss"]
[EventRounds "9"]
[EventCountry "WLS"]

1. d4 Nf6 2. Nf3 g6 3. Bg5 Bg7 4. Nbd2 O-O 5. c3 d6 6. e3 Nbd7 7. Bd3 e5 8. Ne4
Qe7 9. Qe2 h6 10. Nxf6+ Nxf6 11. dxe5 dxe5 12. Bxf6 Bxf6 13. Nd2 Bg7 14. Bc2
Qg5 15. O-O-O a5 16. Be4 Ra7 17. h4 Qe7 18. g4 a4 19. a3 Bd7 20. f4 f5 21. gxf5
Bxf5 22. Bd5+ Kh8 23. Qf3 h5 24. Ne4 Bg4 25. Qg3 c6 26. Ba2 exf4 27. exf4 Qxe4
28. Rd4 Qxh1+ 0-1

[Event "16th South Wales Int 2019"]
[Site "Bridgend"]
[Date "2019.07.12"]
[Round "9.26"]
[White "Williams, Ron"]
[Black "Chung, Joel"]
[Result "1-0"]
[WhiteElo "1644"]
[BlackElo "1475"]
[PlyCount "101"]
[EventDate "2019.07.07"]
[EventType "swiss"]
[EventRounds "9"]
[EventCountry "WLS"]

1. d4 Nf6 2. Nc3 g6 3. Bf4 d6 4. e4 Nbd7 5. Nf3 c5 6. dxc5 Nxc5 7. e5 Nh5 8.
Be3 e6 9. exd6 Qxd6 10. Qxd6 Bxd6 11. Nb5 Ne4 12. O-O-O Ke7 13. Nxd6 Nxd6 14.
Bc5 Rd8 15. Ng5 Nf6 16. Bxd6+ Rxd6 17. Rxd6 Kxd6 18. Nxf7+ Ke7 19. Ne5 b6 20.
Bc4 Bb7 21. f3 Rd8 22. Rd1 Rc8 23. Bb3 Nd5 24. Rd2 Kf6 25. Ng4+ Kg5 26. Re2 h5
27. Nf2 Nf4 28. Rd2 Kf5 29. g3 Nd5 30. f4 Rh8 31. Re2 Re8 32. Re5+ Kf6 33. Ne4+
Ke7 34. Ng5 Kf6 35. c3 h4 36. Ba4 Re7 37. Ne4+ Kf7 38. Nd6+ Kf6 39. Nxb7 Rxb7
40. Bc6 Re7 41. Bxd5 exd5 42. Rxe7 Kxe7 43. Kd2 Ke6 44. g4 g5 45. f5+ Ke5 46.
Ke3 a6 47. h3 a5 48. a4 d4+ 49. cxd4+ Kd5 50. Kd3 Kd6 51. Ke4 1-0